La naturaleza de lo psíquico /
Guardado en:
| Autor Principal: | |
|---|---|
| Formato: | Libro |
| Publicado: |
Argentina :
Paidos,
1961
|
| Materias: | |
| Etiquetas: |
Agregar Etiqueta
Sin Etiquetas, Sea el primero en etiquetar este registro!
|
| LEADER | 00501nam a22001815a 4500 | ||
|---|---|---|---|
| 001 | CEM.cems003026 | ||
| 005 | 19000101000000.0 | ||
| 008 | 130507s1961##################000#0#####d | ||
| 003 | CEMS | ||
| 082 | 0 | 4 | |a 153 |
| 100 | 1 | |a Gregoire, Francois | |
| 245 | 1 | 0 | |a La naturaleza de lo psíquico / |c Francois Gregoire |
| 260 | |a Argentina : |b Paidos, |c 1961 | ||
| 300 | |a 150 p. | ||
| 653 | |a Filosofia | ||
| 653 | |a Psicologia | ||
| 653 | |a Psiquismo-naturaleza | ||
| 859 | |a CEMS |b BIB. CEMS - 11 de abril |h 153 |i G861 |p 288.73 |t Ej.1 | ||
